|
|
|
|
| LEADER |
00000nam0a2200000 4500 |
| 001 |
281814 |
| 005 |
20231101235434.0 |
| 010 |
|
|
|a 9785811416714
|
| 035 |
|
|
|a (RuTPU)RU\TPU\book\305661
|
| 090 |
|
|
|a 281814
|
| 100 |
|
|
|a 20150126d2015 m y0rusy50 ca
|
| 101 |
0 |
|
|a rus
|
| 102 |
|
|
|a RU
|
| 105 |
|
|
|a a j 001zy
|
| 200 |
1 |
|
|a Оптика
|e учебное пособие
|f В. С. Акиньшин [и др.]
|g под ред. С. К. Стафеева
|
| 205 |
|
|
|a 2-е изд., перераб.
|
| 210 |
|
|
|a Санкт-Петербург
|c Лань
|d 2015
|
| 215 |
|
|
|a 233 с.
|c ил.
|
| 225 |
1 |
|
|a Учебники для вузов. Специальная литература
|
| 320 |
|
|
|a Библиогр.: с. 229.
|
| 330 |
|
|
|a Оптические технологии уже давно превратились в стандартные производственные процессы в промышленном машиностроении: лазерная обработка материалов, оптические системы передачи изображения, транспортная техника, промышленная измерительная техника, гражданские системы и системы защиты. Основными потребителями прецизионного лазерного обрабатывающего оборудования выступают в первую очередь авиа- и автомобилестроительная отрасли. Транспортировка луча через систему зеркал внутри робота позволяет резать объемные трехмерные формы неограниченной сложности, лазерная сварка пластмасс автомобильных частей дает оптически чистые швы, лазерная перфорация пластика поддерживает быстродействие защитных подушек безопасности в автомобилях, параметры операций сварки, резки, наплавки зависят от абсорбционных свойств материала. Поэтому знания основ оптики важны будущему специалисту машиностроителю, чтобы успешно овладевать профессиональными навыками.В пособии в конце каждого раздела после изложения теоретического материала предложены контрольные вопросы, показаны примеры решения задач, а также представлены задачи для самостоятельного решения. А предложенные задачи могут быть использованы преподавателями в качестве заданий для курсовых работ.Пособие предназначено для студентов высших учебных заведений, обучающихся по направлениям «Приборостроение», «Лазерная техника и лазерные технологии», «Прикладная механика», «Автоматизация технологических процессов и производств», «Материаловедение и технологии материалов», «Металлургия» и другим техническим направлениям подготовки и специальностям.Рецензенты:
|
| 606 |
1 |
|
|a Оптика
|2 stltpush
|3 (RuTPU)RU\TPU\subj\67665
|9 83386
|
| 610 |
1 |
|
|a физика
|
| 610 |
1 |
|
|a геометрическая оптика
|
| 610 |
1 |
|
|a волновая оптика
|
| 610 |
1 |
|
|a квантовая оптика
|
| 610 |
1 |
|
|a принцип Ферма
|
| 610 |
1 |
|
|a внутреннее отражение
|
| 610 |
1 |
|
|a свет
|
| 610 |
1 |
|
|a преломление
|
| 610 |
1 |
|
|a интерференция
|
| 610 |
1 |
|
|a дифракция
|
| 610 |
1 |
|
|a поляризация
|
| 610 |
1 |
|
|a дисперсия
|
| 610 |
1 |
|
|a тепловое излучение
|
| 610 |
1 |
|
|a фотоны
|
| 610 |
1 |
|
|a фотоэлектрические эффекты
|
| 610 |
1 |
|
|a эффект Комптона
|
| 610 |
1 |
|
|a давление
|
| 610 |
1 |
|
|a фотоэффекты
|
| 610 |
1 |
|
|a учебные пособия
|
| 675 |
|
|
|a 535(075.8)
|v 4
|
| 701 |
|
1 |
|a Акиньшин
|b В. С.
|g Виктор Сергеевич
|
| 701 |
|
1 |
|a Истомина
|b Н. Л.
|g Наталья Леонидовна
|
| 701 |
|
1 |
|a Каленова
|b Н. В.
|g Наталья Валерьевна
|
| 701 |
|
1 |
|a Карковский
|b Ю. И.
|g Юрий Иосифович
|
| 702 |
|
1 |
|a Стафеев
|b С. К.
|4 340
|
| 801 |
|
1 |
|a RU
|b 63413507
|c 20150126
|
| 801 |
|
2 |
|a RU
|b 63413507
|c 20191225
|g RCR
|
| 942 |
|
|
|c BK
|
| 959 |
|
|
|a 1/20150126
|d 5
|e 630,08
|f ЧЗТЛ:1
|f АНЛ:1
|f УФ:3
|